Voluntary agencies and rural development. (Record no. 96063)

MARC details
000 -LEADER
fixed length control field 00388nam a2200145Ia 4500
008 - FIXED-LENGTH DATA ELEMENTS--GENERAL INFORMATION
fixed length control field 210210b1986 xxu||||| |||| 00| 0 eng d
082 ## - DEWEY DECIMAL CLASSIFICATION NUMBER
Classification number 307.72 SUNV
100 ## - MAIN ENTRY--PERSONAL NAME
Personal name SUNDARAM (I Satya).
245 ## - TITLE STATEMENT
Title Voluntary agencies and rural development.
260 ## - PUBLICATION, DISTRIBUTION, ETC.
Place of publication, distribution, etc. Delhi.
Name of publisher, distributor, etc. B R Publishing Corporation
Date of publication, distribution, etc. 1986
300 ## - PHYSICAL DESCRIPTION
Extent ix,311
650 ## - SUBJECT ADDED ENTRY--TOPICAL TERM
Topical term or geographic name entry element Rural<br/><br/>
690 ## - LOCAL SUBJECT ADDED ENTRY--TOPICAL TERM (OCLC, RLIN)
Topical term or geographic name as entry element Rural Sociology
906 ## - LOCAL DATA ELEMENT F, LDF (RLIN)
a 046581
Holdings
Withdrawn status Lost status Damaged status Not for loan Collection code Home library Current library Shelving location Date acquired Cost, normal purchase price Total Checkouts Full call number Barcode Date last seen Price effective from Koha item type
          St Aloysius Library St Aloysius Library   02/17/2021 160.00   307.72 SUNV 046581 02/17/2021 02/17/2021 Book